| 000 -LEADER |
| fixed length control field |
01060nmm a2200313 a 4500 |
| 001 - CONTROL NUMBER |
| control field |
ocm0001520522 |
| 003 - CONTROL NUMBER IDENTIFIER |
| control field |
TR-IsHL |
| 005 - DATE AND TIME OF LATEST TRANSACTION |
| control field |
20201028162722.0 |
| 008 - FIXED-LENGTH DATA ELEMENTS--GENERAL INFORMATION |
| fixed length control field |
170122s2010 tu tur |
| 007 - PHYSICAL DESCRIPTION FIXED FIELD--GENERAL INFORMATION |
| fixed length control field |
cr cn |
| 020 ## - INTERNATIONAL STANDARD BOOK NUMBER |
| International Standard Book Number |
9789752697836 |
| 035 ## - SYSTEM CONTROL NUMBER |
| System control number |
1520522 |
| -- |
(N$T) |
| 050 04 - LIBRARY OF CONGRESS CALL NUMBER |
| Classification number |
BP80.N89 |
| Item number |
C3 2010 |
| 090 04 - LOCALLY ASSIGNED LC-TYPE CALL NUMBER (OCLC); LOCAL CALL NUMBER (RLIN) |
| Classification number (OCLC) (R) ; Classification number, CALL (RLIN) (NR) |
BP80.N89 |
| Local cutter number (OCLC) ; Book number/undivided call number, CALL (RLIN) |
C3 2010 |
| 100 1# - MAIN ENTRY--PERSONAL NAME |
| Personal name |
Çağlaroğlu, Taha |
| 245 10 - TITLE STATEMENT |
| Title |
Risale-i nur estetiği: aşkın güzellik |
| Medium |
[electronic resource] / |
| Statement of responsibility, etc. |
Taha Çağlaroğlu |
| 260 ## - PUBLICATION, DISTRIBUTION, ETC. |
| Place of publication, distribution, etc. |
İstanbul : |
| Name of publisher, distributor, etc. |
Etkileşim, |
| Date of publication, distribution, etc. |
2010 |
| 300 ## - PHYSICAL DESCRIPTION |
| Extent |
272 p. |
| 650 #4 - SUBJECT ADDED ENTRY--TOPICAL TERM |
| Topical term or geographic name entry element |
Felsefe, Psikoloji ve Din |
| 650 #4 - SUBJECT ADDED ENTRY--TOPICAL TERM |
| Topical term or geographic name entry element |
Philosophy, Psychology and Religion |
| 650 #0 - SUBJECT ADDED ENTRY--TOPICAL TERM |
| Topical term or geographic name entry element |
Nursi, Bediüzzaman Said,1873-1960 |
| 650 #0 - SUBJECT ADDED ENTRY--TOPICAL TERM |
| Topical term or geographic name entry element |
İslam |
| General subdivision |
İman |
| 650 #0 - SUBJECT ADDED ENTRY--TOPICAL TERM |
| Topical term or geographic name entry element |
Islam |
| General subdivision |
Faith |
| 650 #0 - SUBJECT ADDED ENTRY--TOPICAL TERM |
| Topical term or geographic name entry element |
Kur'an-ı Kerîm |
| General subdivision |
Eleştiri, yorum, v.b. |
| 650 #0 - SUBJECT ADDED ENTRY--TOPICAL TERM |
| Topical term or geographic name entry element |
Koran |
| General subdivision |
Criticism, interpretation, etc. |
| 650 #0 - SUBJECT ADDED ENTRY--TOPICAL TERM |
| Topical term or geographic name entry element |
Creation (Islam) |
| 650 #7 - SUBJECT ADDED ENTRY--TOPICAL TERM |
| Topical term or geographic name entry element |
RELIGION / Islam / History |
| Source of heading or term |
bisacsh |
| 856 40 - ELECTRONIC LOCATION AND ACCESS |
| Uniform Resource Identifier |
<a href="http://search.ebscohost.com/login.aspx?direct=true&scope=site&db=e011xww&AN=1520522">http://search.ebscohost.com/login.aspx?direct=true&scope=site&db=e011xww&AN=1520522</a> |